[Event "Heusenstamm Sparkassen op-A 5th"]
[Site "Heusenstamm"]
[Date "2018.11.25"]
[Round "6"]
[White "Mohr, Thomas"]
[Black "Olesiak, Marcin"]
[Result "1/2-1/2"]
[WhiteElo "1778"]
[BlackElo "2043"]
[PlyCount "33"]
[EventDate "2018.11.22"]
[EventType "swiss"]
[EventRounds "7"]
[EventCountry "GER"]
[SourceTitle "CBM 188 Extra"]
[Source "ChessBase"]
[SourceDate "2019.02.26"]
[SourceVersion "1"]
[SourceVersionDate "2019.02.26"]
[SourceQuality "1"]

1. f4 c5 2. Nf3 Nc6 3. e3 g6 4. d4 d5 5. c3 cxd4 6. exd4 Bf5 7. Bd3 Bxd3 8. Qxd3 e6 9. 0-0 Bg7 10. Nbd2 Nge7 11. Ne5 Nxe5 12. fxe5 Qb6 13. Kh1 h5 14. Nf3 Nf5 15. Re1 Rc8 16. Qd1 a6 17. Qb3 1/2-1/2

[Event "Rhein Main op-A 21st"]
[Site "Bad Homburg"]
[Date "2018.06.03"]
[Round "7"]
[White "Olesiak, Marcin"]
[Black "Karsay, Pascal"]
[Result "1/2-1/2"]
[WhiteElo "2043"]
[BlackElo "2227"]
[PlyCount "118"]
[EventDate "2018.05.30"]
[EventType "swiss"]
[EventRounds "7"]
[EventCountry "GER"]
[SourceTitle "EXT 2019"]
[Source "ChessBase"]
[SourceDate "2018.10.10"]
[SourceVersion "1"]
[SourceVersionDate "2018.10.10"]
[SourceQuality "1"]

1. d4 Nf6 2. c4 e6 3. Nf3 c5 4. Nc3 cxd4 5. Nxd4 b6 6. e4 d6 7. Be3 Bb7 8. f3 a6 9. Be2 Nbd7 10. a3 Qc7 11. Rc1 Be7 12. 0-0 0-0 13. Qd2 Rac8 14. b4 Rfe8 15. Rc2 Qb8 16. Rb1 Ne5 17. b5 Nxc4 18. Bxc4 Rxc4 19. bxa6 Bxa6 20. Rcb2 Nd7 21. Nde2 Rec8 22. Bd4 R4c6 23. Na4 Bxe2 24. Qxe2 Qa7 25. Qb5 Rc4 26. Nxb6 Nxb6 27. Bxb6 Qxa3 28. Qb3 Qxb3 29. Rxb3 Bf6 30. Rd1 Rc1 31. Rbd3 Rxd1+ 32. Rxd1 Rc6 33. Be3 Kf8 34. Rc1 Rxc1+ 35. Bxc1 d5 36. exd5 exd5 37. Kf2 Ke7 38. Ke2 Ke6 39. Kd3 h5 40. Be3 Kf5 41. Bd2 g5 42. h3 g4 43. hxg4+ hxg4 44. Be3 Be5 45. Bd2 gxf3 46. gxf3 Kg6 47. Be3 Kh5 48. Bf2 Kg5 49. Be3+ Kh4 50. Bf2+ Kh3 51. Be3 Kg2 52. Ke2 f5 53. Bg5 Bd4 54. Bf4 Bf2 55. Bg5 d4 56. Bh6 Be3 57. Bf8 Bf4 58. Bg7 d3+ 59. Kxd3 Kxf3 1/2-1/2

[Event "Rhein Main op-A 21st"]
[Site "Bad Homburg"]
[Date "2018.05.30"]
[Round "1"]
[White "Olesiak, Marcin"]
[Black "Hagner, Bennet"]
[Result "1-0"]
[WhiteElo "2043"]
[BlackElo "1828"]
[PlyCount "61"]
[EventDate "2018.05.30"]
[EventType "swiss"]
[EventRounds "7"]
[EventCountry "GER"]
[SourceTitle "EXT 2019"]
[Source "ChessBase"]
[SourceDate "2018.10.10"]
[SourceVersion "1"]
[SourceVersionDate "2018.10.10"]
[SourceQuality "1"]

1. d4 d5 2. Nf3 c6 3. c4 e6 4. g3 Nf6 5. Bg2 Bd6 6. Nbd2 0-0 7. 0-0 Nbd7 8. Qc2 e5 9. dxe5 Nxe5 10. b3 dxc4 11. bxc4 Qe7 12. Bb2 Re8 13. Nd4 Bg4 14. f4 Ned7 15. e4 Bc5 16. h3 Bf5 17. exf5 Qe3+ 18. Kh2 Nh5 19. Rf3 Qe7 20. N2b3 Bb6 21. Bc3 Nc5 22. Nxc5 Qxc5 23. Qb3 Nf6 24. Rd1 Rad8 25. Bb4 Qxd4 26. Rxd4 Bxd4 27. Bc3 Bb6 28. Be5 Ne4 29. Rd3 Nf2 30. Rxd8 Rxd8 31. Qc2 1-0

[Event "Heusenstamm Sparkassen op-A 4th"]
[Site "Heusenstamm"]
[Date "2017.11.24"]
[Round "3"]
[White "Berberich, Christoph"]
[Black "Olesiak, Marcin"]
[Result "1/2-1/2"]
[WhiteElo "1958"]
[BlackElo "2059"]
[PlyCount "60"]
[EventDate "2017.11.23"]
[EventType "swiss"]
[EventRounds "7"]
[EventCountry "GER"]
[SourceTitle "EXT 2019"]
[Source "ChessBase"]
[SourceDate "2018.10.10"]
[SourceVersion "1"]
[SourceVersionDate "2018.10.10"]
[SourceQuality "1"]

1. d4 Nf6 2. Nf3 e6 3. c4 c5 4. e3 d5 5. Nc3 Nc6 6. a3 cxd4 7. exd4 dxc4 8. Bxc4 Be7 9. 0-0 0-0 10. d5 exd5 11. Nxd5 Nxd5 12. Qxd5 Qxd5 13. Bxd5 Bf6 14. Re1 Bf5 15. Be4 Bxe4 16. Rxe4 Rfe8 17. Rxe8+ Rxe8 18. Kf1 Nd4 19. Nxd4 Bxd4 20. Be3 Bxe3 21. Re1 f5 22. fxe3 Kf7 23. Kf2 Rc8 24. Re2 Ke6 25. h4 Ke5 26. Kf3 Rc1 27. g3 h6 28. e4 fxe4+ 29. Rxe4+ Kf6 30. Rb4 b6 1/2-1/2

[Event "Eschborn op"]
[Site "Eschborn"]
[Date "2017.10.14"]
[Round "1"]
[White "Bjoerknes, Uwe"]
[Black "Olesiak, Marcin"]
[Result "0-1"]
[WhiteElo "1548"]
[BlackElo "2142"]
[PlyCount "34"]
[EventDate "2017.10.13"]
[EventType "swiss"]
[EventRounds "5"]
[EventCountry "GER"]
[SourceTitle "EXT 2019"]
[Source "ChessBase"]
[SourceDate "2018.10.10"]
[SourceVersion "1"]
[SourceVersionDate "2018.10.10"]
[SourceQuality "1"]

1. e4 c5 2. a4 Nc6 3. Bc4 e6 4. Nc3 Nf6 5. d3 Be7 6. Nf3 d6 7. 0-0 0-0 8. h3 a6 9. Bf4 b6 10. e5 dxe5 11. Nxe5 Nxe5 12. Bxe5 Bb7 13. Qe2 Qc8 14. Ne4 Qc6 15. Bxf6 gxf6 16. f3 f5 17. Nc3 Bf6 0-1

[Event "Rhein Main op-A 20th"]
[Site "Bad Homburg"]
[Date "2017.06.17"]
[Round "6"]
[White "Olesiak, Marcin"]
[Black "Henrich, Thomas"]
[Result "0-1"]
[WhiteElo "2016"]
[BlackElo "2311"]
[PlyCount "64"]
[EventDate "2017.06.14"]
[EventType "swiss"]
[EventRounds "7"]
[EventCountry "GER"]
[SourceTitle "EXT 2018"]
[Source "ChessBase"]
[SourceDate "2017.10.13"]
[SourceVersion "1"]
[SourceVersionDate "2017.10.13"]
[SourceQuality "1"]

1. d4 Nf6 2. Nf3 g6 3. g3 c5 4. c4 Bg7 5. d5 d6 6. Nc3 0-0 7. Bg2 e6 8. 0-0 exd5 9. cxd5 Re8 10. Nd2 a6 11. a4 Nbd7 12. Nc4 Ne5 13. Nxe5 Rxe5 14. Bf4 Re8 15. Qd2 Rb8 16. f3 b5 17. axb5 axb5 18. e4 b4 19. Nd1 Qb6 20. Rc1 Ba6 21. Re1 Nd7 22. b3 c4+ 23. Qf2 Qxf2+ 24. Nxf2 Bc3 25. Red1 cxb3 26. Bf1 Rb6 27. Rb1 b2 28. Bxa6 Rxa6 29. Nd3 f5 30. Nxb2 fxe4 31. Nc4 exf3 32. Bxd6 Re4 0-1

[Event "Rhein Main op-A 20th"]
[Site "Bad Homburg"]
[Date "2017.06.15"]
[Round "3"]
[White "Olesiak, Marcin"]
[Black "Schnepp, Gunnar"]
[Result "1/2-1/2"]
[WhiteElo "2016"]
[BlackElo "2337"]
[PlyCount "54"]
[EventDate "2017.06.14"]
[EventType "swiss"]
[EventRounds "7"]
[EventCountry "GER"]
[SourceTitle "EXT 2018"]
[Source "ChessBase"]
[SourceDate "2017.10.13"]
[SourceVersion "1"]
[SourceVersionDate "2017.10.13"]
[SourceQuality "1"]

1. d4 Nf6 2. Nf3 g6 3. g3 c5 4. d5 Bg7 5. c4 b5 6. cxb5 a6 7. bxa6 0-0 8. Nc3 Qa5 9. Nd2 d6 10. Bg2 Bxa6 11. 0-0 Nbd7 12. Qc2 Rfb8 13. b3 Nb6 14. Rb1 Bb7 15. e4 Ng4 16. Bb2 Ba6 17. Rfe1 Ne5 18. Bf1 Bxf1 19. Rxf1 Ra6 20. a4 Bh6 21. f4 Nd3 22. Nb5 Nxb2 23. Qxb2 Qb4 24. Qc2 Rc8 25. Nc4 Nxc4 26. Qxc4 Qd2 27. Rbe1 Bg7 1/2-1/2

[Event "Oberliga Ost-B 1617"]
[Site "Germany"]
[Date "2016.12.04"]
[Round "4.8"]
[White "Olesiak, Marcin"]
[Black "Buerckner, Georg"]
[Result "1/2-1/2"]
[WhiteElo "1997"]
[BlackElo "2052"]
[PlyCount "77"]
[EventDate "2016.10.16"]
[EventType "team-tourn"]
[EventRounds "11"]
[EventCountry "GER"]
[SourceTitle "EXT 2018"]
[Source "ChessBase"]
[SourceDate "2017.10.13"]
[SourceVersion "1"]
[SourceVersionDate "2017.10.13"]
[SourceQuality "1"]
[WhiteTeam "Oberursel"]
[BlackTeam "Sangerhausen"]
[WhiteTeamCountry "GER"]
[BlackTeamCountry "GER"]

1. d4 d5 2. Nf3 e6 3. c4 Nf6 4. Nc3 Be7 5. g3 0-0 6. Bg2 Nbd7 7. 0-0 Re8 8. b3 c6 9. Bb2 b6 10. Ne5 Nxe5 11. dxe5 Nd7 12. cxd5 cxd5 13. e4 Ba6 14. Re1 Nxe5 15. exd5 Nd3 16. dxe6 fxe6 17. Bxa8 Qxa8 18. Rxe6 Nxf2 19. Qd5 Bb7 20. Qd7 Nh3+ 21. Kf1 Ba6+ 22. Ke1 Qh1+ 23. Kd2 Bg5+ 24. Kc2 Qg2+ 25. Ne2 Qxe2+ 26. Rxe2 Rxe2+ 27. Kb1 Re1+ 28. Bc1 Rxc1+ 29. Kb2 Rc8 30. Re1 h6 31. Qxh3 Bf6+ 32. Ka3 Rc5 33. Re8+ Kh7 34. Qe6 Ra5+ 35. Kb4 Rb5+ 36. Ka4 Ra5+ 37. Kb4 Rb5+ 38. Ka4 Ra5+ 39. Kb4 1/2-1/2

[Event "POL-chT 2nd League"]
[Site "Jastrzebia Gora"]
[Date "2015.09.10"]
[Round "6.99"]
[White "Garbowski, Jakub"]
[Black "Olesiak, Marcin"]
[Result "0-1"]
[WhiteElo "2049"]
[BlackElo "1971"]
[PlyCount "72"]
[EventDate "2015.09.05"]
[EventType "team-swiss"]
[EventRounds "9"]
[EventCountry "POL"]
[SourceTitle "EXT 2017"]
[Source "ChessBase"]
[SourceDate "2016.10.25"]
[SourceVersion "1"]
[SourceVersionDate "2016.10.25"]
[SourceQuality "1"]
[WhiteTeam "Jaworzno JKSz MCKiS"]
[BlackTeam "Nowy Sacz Sandecja"]
[WhiteTeamCountry "POL"]
[BlackTeamCountry "POL"]

1. e4 c5 2. Nf3 d6 3. d4 cxd4 4. Nxd4 Nf6 5. Nc3 a6 6. Be3 e5 7. Nb3 Be7 8. f3 Be6 9. Qd2 Qc7 10. g4 Nbd7 11. 0-0-0 b5 12. g5 Nh5 13. Kb1 0-0 14. Ne2 Rfc8 15. Ng3 Nf4 16. h4 Nb6 17. Bxf4 exf4 18. Nf5 d5 19. Nbd4 dxe4 20. fxe4 Bc5 21. Bd3 Rd8 22. Nb3 Nc4 23. Qh2 Nxb2 24. Kxb2 Ba3+ 25. Kxa3 Qc3 26. Qf2 b4+ 27. Ka4 Rdb8 28. Qc5 Qb2 29. Qxb4 Rxb4+ 30. Kxb4 Rb8+ 31. Kc5 Qc3+ 32. Bc4 Qxc4+ 33. Kd6 Bxf5 34. exf5 Rd8+ 35. Ke5 Rxd1 36. Rxd1 Qe2+ 0-1

[Event "POL-chT 2nd League"]
[Site "Jastrzebia Gora"]
[Date "2015.09.05"]
[Round "1.23"]
[White "Dowgird, Filip"]
[Black "Olesiak, Marcin"]
[Result "1-0"]
[WhiteElo "2208"]
[BlackElo "1971"]
[PlyCount "71"]
[EventDate "2015.09.05"]
[EventType "team-swiss"]
[EventRounds "9"]
[EventCountry "POL"]
[SourceTitle "EXT 2017"]
[Source "ChessBase"]
[SourceDate "2016.10.25"]
[SourceVersion "1"]
[SourceVersionDate "2016.10.25"]
[SourceQuality "1"]
[WhiteTeam "Pegow Wieza"]
[BlackTeam "Nowy Sacz Sandecja"]
[WhiteTeamCountry "POL"]
[BlackTeamCountry "POL"]

1. e4 c5 2. Nf3 d6 3. c3 Nf6 4. h3 g6 5. Bd3 Bg7 6. 0-0 0-0 7. Re1 e5 8. Bc2 Qe7 9. d3 Nh5 10. Na3 Nf4 11. Bxf4 exf4 12. d4 Nc6 13. Qd2 cxd4 14. cxd4 g5 15. e5 dxe5 16. d5 Rd8 17. Qd3 e4 18. Qf1 Bxb2 19. Nc4 Ne5 20. Nfxe5 Bxe5 21. Bxe4 f6 22. Rad1 Qg7 23. Qd3 Bd7 24. d6 Rab8 25. Bxb7 Be6 26. Bd5 Qf7 27. Rxe5 fxe5 28. Nxe5 Qf6 29. Ng4 Qg6 30. Qxg6+ hxg6 31. Bxe6+ Kg7 32. d7 a5 33. Bb3 Rb7 34. Ne5 Kf6 35. Re1 Rb6 36. Ng4+ 1-0

[Event "Krakow Malopolski-ch"]
[Site "Krakow"]
[Date "2015.04.28"]
[Round "3"]
[White "Olesiak, Marcin"]
[Black "Czarkowski, Tomasz"]
[Result "1-0"]
[WhiteElo "1969"]
[BlackElo "1673"]
[PlyCount "51"]
[EventDate "2015.04.26"]
[EventType "swiss"]
[EventRounds "9"]
[EventCountry "POL"]
[SourceTitle "CBM 166 Extra"]
[Source "ChessBase"]
[SourceDate "2015.06.18"]
[SourceVersion "1"]
[SourceVersionDate "2015.06.18"]
[SourceQuality "1"]

1. d4 d5 2. Nf3 Nf6 3. c4 e6 4. Nc3 Be7 5. Bg5 Nbd7 6. cxd5 Nxd5 7. Bxe7 Qxe7 8. e4 Nxc3 9. bxc3 0-0 10. Bd3 b6 11. 0-0 Bb7 12. Re1 Qd6 13. e5 Qa3 14. Bxh7+ Kxh7 15. Ng5+ Kh6 16. Qg4 Qxc3 17. Rab1 Qc6 18. Qh4+ Kg6 19. Qh7+ Kxg5 20. h4+ Kf4 21. d5 Qc4 22. g3+ Kg4 23. Re4+ Qxe4 24. Qxe4+ Kh5 25. Qh7+ Kg4 26. Rb4+ 1-0

[Event "Krakow Malopolski-ch"]
[Site "Krakow"]
[Date "2015.04.26"]
[Round "1"]
[White "Olesiak, Marcin"]
[Black "Golubka, Petr"]
[Result "0-1"]
[WhiteElo "1969"]
[BlackElo "2383"]
[PlyCount "62"]
[EventDate "2015.04.26"]
[EventType "swiss"]
[EventRounds "9"]
[EventCountry "POL"]
[SourceTitle "CBM 166 Extra"]
[Source "ChessBase"]
[SourceDate "2015.06.18"]
[SourceVersion "1"]
[SourceVersionDate "2015.06.18"]
[SourceQuality "1"]

1. d4 Nf6 2. Nf3 c5 3. e3 g6 4. Be2 Bg7 5. 0-0 0-0 6. b3 d5 7. Bb2 cxd4 8. exd4 Nc6 9. Nbd2 Bf5 10. c4 Ne4 11. cxd5 Qxd5 12. Bc4 Qa5 13. Nxe4 Bxe4 14. Re1 Bxf3 15. Qxf3 Nxd4 16. Bxd4 Bxd4 17. Rad1 Bc5 18. Qxb7 Qxa2 19. Re2 Qa5 20. Red2 Rab8 21. Qf3 Rb6 22. Kh1 Rf6 23. Qe2 Rxf2 24. Qd3 Rxd2 25. Qxd2 Qxd2 26. Rxd2 Kg7 27. Rd5 Bb4 28. g3 a5 29. Kg2 Rc8 30. Rd4 Rc7 31. Kf3 e5 0-1

[Event "POL-chT U19 2nd League"]
[Site "Lublin"]
[Date "2007.07.13"]
[Round "9"]
[White "Olesiak, Marcin"]
[Black "Walentukiewicz, Michal"]
[Result "0-1"]
[WhiteElo "1979"]
[BlackElo "2201"]
[PlyCount "86"]
[EventDate "2007.07.07"]
[EventType "team-swiss"]
[EventRounds "11"]
[EventCountry "POL"]
[SourceTitle "EXT 2010"]
[Source "ChessBase"]
[SourceDate "2010.11.25"]
[SourceVersion "1"]
[SourceVersionDate "2010.11.25"]
[SourceQuality "1"]
[WhiteTeam "Nowy Sacz Sandecja U19"]
[BlackTeam "Szopienice HetMaN U19"]
[WhiteTeamCountry "POL"]
[BlackTeamCountry "POL"]

1. d4 Nf6 2. c4 c5 3. Nf3 g6 4. Nc3 Bg7 5. e4 cxd4 6. Nxd4 d6 7. Be2 0-0 8. 0-0 Nc6 9. Be3 Bd7 10. Kh1 Nxd4 11. Bxd4 Bc6 12. f3 Nd7 13. Bxg7 Kxg7 14. f4 a6 15. Qd4+ Kg8 16. b3 Qa5 17. Nd5 Bxd5 18. cxd5 Qc5 19. Qd2 Nf6 20. Bf3 Qb6 21. Rac1 a5 22. Rc4 Rac8 23. Rfc1 Rxc4 24. Rxc4 Nd7 25. h3 Nc5 26. e5 Qd8 27. exd6 exd6 28. f5 b5 29. Rg4 b4 30. Qh6 Qf6 31. Rf4 Qg7 32. Qg5 Qa1+ 33. Kh2 Qe5 34. g3 f6 35. Qg4 Kg7 36. h4 Re8 37. Qh3 Qb2+ 38. Bg2 Re2 39. fxg6 hxg6 40. h5 gxh5 41. g4 Qe5 42. Qg3 h4 43. Qf3 Nd3 0-1

[Event "POL-chT U19 2nd League"]
[Site "Lublin"]
[Date "2007.07.12"]
[Round "8"]
[White "Jaworska, Aleksandra"]
[Black "Olesiak, Marcin"]
[Result "0-1"]
[WhiteElo "1651"]
[BlackElo "1979"]
[PlyCount "38"]
[EventDate "2007.07.07"]
[EventType "team-swiss"]
[EventRounds "11"]
[EventCountry "POL"]
[SourceTitle "EXT 2010"]
[Source "ChessBase"]
[SourceDate "2010.11.25"]
[SourceVersion "1"]
[SourceVersionDate "2010.11.25"]
[SourceQuality "1"]
[WhiteTeam "Makowiec PUKS U19"]
[BlackTeam "Nowy Sacz Sandecja U19"]
[WhiteTeamCountry "POL"]
[BlackTeamCountry "POL"]

1. e4 g6 2. d4 Bg7 3. Nf3 d6 4. Nc3 Nf6 5. Bc4 0-0 6. Bg5 c6 7. 0-0 b5 8. Bd3 h6 9. Bd2 Qc7 10. e5 dxe5 11. Nxe5 Nfd7 12. f4 Qb6 13. Be3 Nxe5 14. fxe5 Bxe5 15. Bxh6 Qxd4+ 16. Rf2 Qh4 17. g3 Qxh6 18. Qf3 a6 19. Be4 Bd4 0-1

[Event "POL-chT U19 2nd League"]
[Site "Lublin"]
[Date "2007.07.09"]
[Round "4"]
[White "Olchowko, Blazej"]
[Black "Olesiak, Marcin"]
[Result "1-0"]
[WhiteElo "1673"]
[BlackElo "1979"]
[PlyCount "75"]
[EventDate "2007.07.07"]
[EventType "team-swiss"]
[EventRounds "11"]
[EventCountry "POL"]
[SourceTitle "EXT 2010"]
[Source "ChessBase"]
[SourceDate "2010.11.25"]
[SourceVersion "1"]
[SourceVersionDate "2010.11.25"]
[SourceQuality "1"]
[WhiteTeam "Gliwice Carbo U19"]
[BlackTeam "Nowy Sacz Sandecja U19"]
[WhiteTeamCountry "POL"]
[BlackTeamCountry "POL"]

1. c4 Nf6 2. Nc3 g6 3. e4 d6 4. d3 Bg7 5. f4 0-0 6. Nf3 Nc6 7. Be2 Bg4 8. 0-0 Nd7 9. h3 Bxf3 10. Bxf3 Nd4 11. Rb1 Rb8 12. Be3 c5 13. Kh1 a6 14. Qd2 b5 15. Bxd4 Bxd4 16. Ne2 Bg7 17. Ng3 e6 18. cxb5 axb5 19. b4 Bh6 20. Bd1 e5 21. Ne2 Qh4 22. Kh2 exf4 23. Nxf4 Ne5 24. g3 Qd8 25. d4 cxd4 26. Qxd4 Bg7 27. Qf2 Rc8 28. Nd5 Nc4 29. Bb3 Be5 30. Rbc1 h5 31. Kg2 Kg7 32. Bxc4 Rxc4 33. Rxc4 bxc4 34. a4 c3 35. a5 Qg5 36. a6 c2 37. Nf4 h4 38. Ne6+ 1-0

[Event "POL-chT U19 2nd League"]
[Site "Lublin"]
[Date "2007.07.08"]
[Round "2"]
[White "Bartczak, Krzysztof"]
[Black "Olesiak, Marcin"]
[Result "1/2-1/2"]
[WhiteElo "1964"]
[BlackElo "1979"]
[PlyCount "99"]
[EventDate "2007.07.07"]
[EventType "team-swiss"]
[EventRounds "11"]
[EventCountry "POL"]
[SourceTitle "EXT 2010"]
[Source "ChessBase"]
[SourceDate "2010.11.25"]
[SourceVersion "1"]
[SourceVersionDate "2010.11.25"]
[SourceQuality "1"]
[WhiteTeam "Lublin MKS Start U19"]
[BlackTeam "Nowy Sacz Sandecja U19"]
[WhiteTeamCountry "POL"]
[BlackTeamCountry "POL"]

1. d4 Nf6 2. c4 g6 3. Nc3 Bg7 4. e4 d6 5. h3 0-0 6. Nf3 e5 7. d5 a5 8. Bd3 Na6 9. a3 Nc5 10. Bc2 Bd7 11. Bg5 Qe8 12. 0-0 Nh5 13. g4 Nf4 14. Bxf4 exf4 15. Qd2 f5 16. exf5 gxf5 17. g5 Qh5 18. Kg2 Ne4 19. Qxf4 Be5 20. Nxe5 dxe5 21. Qxe5 Nxg5 22. Bd1 Qxh3+ 23. Kg1 Rf7 24. Qg3 Qh6 25. Qh2 Qg7 26. Kh1 Rf6 27. Rg1 Be8 28. Qg3 Rh6+ 29. Kg2 f4 30. Qxf4 Nh3+ 31. Qg3 Rg6 32. Kxh3 Rxg3+ 33. Rxg3 Bg6 34. Bc2 Qh6+ 35. Kg2 Rf8 36. Re1 Qf4 37. f3 Kf7 38. Rg4 Qh6 39. Re6 Re8 40. Bxg6+ hxg6 41. Rexg6 Qxg6 42. Rxg6 Kxg6 43. b4 axb4 44. axb4 Kf5 45. Nb5 Re2+ 46. Kg3 Rb2 47. Nxc7 Rxb4 48. c5 Rd4 49. c6 bxc6 50. dxc6 1/2-1/2